Engineering Graphics for degree (Record no. 4978)

MARC details
000 -LEADER
fixed length control field 00486nam a2200157Ia 4500
003 - CONTROL NUMBER IDENTIFIER
control field SGT
020 ## - INTERNATIONAL STANDARD BOOK NUMBER
International Standard Book Number 9788120337886
082 ## - DEWEY DECIMAL CLASSIFICATION NUMBER
Classification number 6.6
Item number JOH
100 ## - MAIN ENTRY--PERSONAL NAME
Personal name John,K.C
245 ## - TITLE STATEMENT
Title Engineering Graphics for degree
260 ## - PUBLICATION, DISTRIBUTION, ETC. (IMPRINT)
Name of publisher, distributor, etc PHI Learning Private Limited
Place of publication, distribution, etc New Delhi
Year of Publication 2009
300 ## - PAGE DESCRIPTION
No. of Pages 379p.
650 ## - SUBJECT ADDED ENTRY--TOPICAL TERM
Topical term or geographic name as entry element COMPUTER SCIENCE
653 ## - KEYWORDS--INDEX TERM
Keyword term MODULE A: PRELIMINARIES,MODULE B: TOW-DIMENSIONAL DRAWINGS,THREE-DIMENSIONAL DRAWINGS,DRAWING OF SURFACES,PICTORIAL DRAWINGS
942 ## - ADDED ENTRY ELEMENTS (KOHA)
Source of classification or shelving scheme Dewey Decimal Classification
Koha item type Books
942 ## - ADDED ENTRY ELEMENTS (KOHA)
-- 5
Holdings
Withdrawn status Lost status Source of classification or shelving scheme Damaged status Use restrictions Not for loan Home library Current library Shelving location Date acquired SGTU Full call number Accession No. (Barcode) Date last seen Bill Date Koha item type Total Checkouts Date last borrowed
    Dewey Decimal Classification   Restricted Access   SGT Engineering Library SGT Engineering Library Reference Book 28/04/2010 SGTU 6.6 JOH FE2069 09/02/2015 09/02/2015 Books    
    Dewey Decimal Classification       SGT Engineering Library SGT Engineering Library   28/04/2010 SGTU 6.6 JOH FE2070 09/02/2015 09/02/2015 Books    
    Dewey Decimal Classification       SGT Engineering Library SGT Engineering Library   28/04/2010 SGTU 6.6 JOH FE2071 06/02/2024 09/02/2015 Books 5 06/02/2024
    Dewey Decimal Classification       SGT Engineering Library SGT Engineering Library   06/09/2012 SGTU 6.6 JOH FE5498 09/02/2015 09/02/2015 Books    
    Dewey Decimal Classification       SGT Engineering Library SGT Engineering Library   06/09/2012 SGTU 6.6 JOH FE5499 09/02/2015 09/02/2015 Books